Al Ahly 2025 FIFA World Club Cup Squad - Statistics

General Stats
  • This quiz has been taken 33 times
  • The average score is 15 of 29
Answer Stats
# Position Player Nation % Correct
1 GK Mohamed El Shenawy
77%
9 FW Wessam Abou Ali
77%
7 MF Trézéguet
73%
30 DF Mohamed Hany
68%
25 MF Zizo
68%
17 MF Achraf Bencharki
64%
13 MF Marwan Attia
64%
22 MF Emam Ashour
59%
5 MF Mohamed Ali Ben Romdhane
59%
29 MF Taher Mohamed
59%
6 DF Yasser Ibrahim
59%
36 MF Ahmed Nabil Koka
55%
23 MF Aliou Dieng
55%
8 MF Hamdy Fathy
55%
14 MF Hussein El Shahat
55%
10 FW Nejc Gradišar
55%
15 DF Achraf Dari
50%
4 DF Ahmed Ramadan
50%
31 GK Mostafa Shobeir
50%
54 DF Yahya Attiyat Allah
50%
27 DF Mostafa El Aash
45%
26 GK Mohamed Seha
41%
19 MF Mohamed Magdy
36%
11 DF Karim El Debes
32%
Manager José Riveiro
27%
3 DF Omar Kamal
27%
2 DF Khaled Abdelfattah
23%
37 GK Mostafa Makhlouf
23%
24 MF Ahmed Reda Hashem
14%
No matching quizzes found
Score Distribution
Percent of People with Each Score
Percentile by Number Answered
Your Score History
You have not taken this quiz